|
|
|
|
| LEADER |
01074nam a2200253 i 4500 |
| 001 |
c000128652 |
| 003 |
CARM |
| 005 |
00000000000000.0 |
| 008 |
840316s1961 enk 0 eng d |
| 019 |
1 |
|
|a 10221583
|5 LACONCORD2021
|
| 035 |
|
|
|a (OCoLC)221656033
|5 LACONCORD2021
|
| 111 |
2 |
0 |
|a Ciba Foundation Study
|n (No.9 :
|d 1961 :
|c London)
|
| 245 |
1 |
0 |
|a Progesterone and the defence mechanism of pregnancy /
|c In honour of G.W. Corner ; Editors for the Ciba Foundation: G.E.W. Wolstenholme and Margaret P. Cameron.
|
| 260 |
|
|
|a London :
|b J. & A. Churchill,
|c 1961.
|
| 300 |
|
|
|a 108 p. :
|b illus.
|
| 650 |
|
0 |
|a Pregnancy.
|
| 650 |
|
0 |
|a Progesterone.
|
| 650 |
|
0 |
|a Labor (Obstetrics)
|
| 700 |
1 |
|
|a Corner, George W.
|q (George Washington),
|d 1889-
|
| 700 |
1 |
|
|a Wolstenholme, G. E. W.
|q (Gordon Ethelbert Ward)
|
| 700 |
1 |
|
|a Cameron, Margaret P.
|
| 852 |
8 |
|
|b CARM
|h A2:AE09G0
|i A00071
|p 0031429
|f BK
|
| 999 |
f |
f |
|i cc0a25bb-5a7d-57d8-87b5-9629bbc1f298
|s 66c612d5-7f8c-5f5a-98df-4ae5172b321e
|
| 952 |
f |
f |
|p Can circulate
|a CAVAL
|b CAVAL
|c CAVAL
|d CARM 1 Store
|e A00071
|f A2:AE09G0
|h Other scheme
|i book
|m 0031429
|